Encyclopedia of computational chemistry /

Guardado en:
Bibliografiske detaljer
Hovedforfatter: Schleyer, Paul von Ragué (ed.)
Format: Bog
Sprog:engelsk
Udgivet: Chichester, Inglaterra : Wiley, 1998, c1998
Fag:
Tags: Tilføj Tag
Ingen Tags, Vær først til at tagge denne postø!

MARC

LEADER 00000nam^a2200000^a^4500
001 000110359
005 20250521000000.0
009 20260310093754.146
020 |a 0-471-96588-X 
037 |a Acervo ITESO - Biblioteca 
041 |a ING 
082 |a 540. 285  |b ENC 
100 |a Schleyer, Paul von Ragué  |e (ed.) 
245 1 0 |a Encyclopedia of computational chemistry /  |c Ed. de P. von Ragué Schleyer. 
264 4 |a Chichester, Inglaterra :  |b Wiley,  |c 1998, c1998 
300 |a 5 v. 
336 |a texto  |b txt  |2 rdacontenido 
337 |a sin mediación  |b n  |2 rdamedio 
338 |a volumen  |b nc  |2 rdasoporte 
649 |a XX 
650 |a Química -  |x Enciclopedias y Diccionarios 
650 |a Métodos de Simulación 
650 |a Proceso de Datos 
650 |a Ingeniería Computacional 
910 |a Fondo General 
920 |a Impresos - Libros 
930 |a Obras de Referencia 
905 |a 102 
901 |a 0500047347  |b IT2  |c REF  |u 20250521 
901 |a 0500047340  |b IT2  |c REF  |u 20250521 
901 |a 0500047350  |b IT2  |c REF  |u 20250521 
901 |a 0500047343  |b IT2  |c REF  |u 20250521 
901 |a 0500047346  |b IT2  |c REF  |u 20250521 
902 |a https://opac.biblio.iteso.mx/vufind/Record/000110359